IFM Opac

THE ORGANIZATION OF AFRICAN UNITY AFTER TEN YEARS:COMPARATIVE PERSPECTIVES (Record no. 16985)

MARC details
000 -LEADER
fixed length control field 00320nam a22001217a 4500
020 ## - INTERNATIONAL STANDARD BOOK NUMBER
International Standard Book Number 0275099105
082 ## - DEWEY DECIMAL CLASSIFICATION NUMBER
Classification number 341.249ELA
245 ## - TITLE STATEMENT
Title THE ORGANIZATION OF AFRICAN UNITY AFTER TEN YEARS:COMPARATIVE PERSPECTIVES
260 ## - PUBLICATION, DISTRIBUTION, ETC.
Place of publication, distribution, etc. LONDON
Name of publisher, distributor, etc. PRAEGER
Date of publication, distribution, etc. 1975
300 ## - PHYSICAL DESCRIPTION
Extent xi,262pg.
Other physical details 23cm
500 ## - GENERAL NOTE
General note include index
942 ## - ADDED ENTRY ELEMENTS (KOHA)
Koha item type Books
Holdings
Withdrawn status Lost status Source of classification or shelving scheme Damaged status Not for loan Home library Current library Shelving location Date acquired Full call number Barcode Date last seen Price effective from Koha item type
    Dewey Decimal Classification     IFM Main Campus Library IFM Main Campus Library   03/17/2017 341.249ELA 0000008472 03/17/2017 03/17/2017 Books